[Event "AUTO-OPEN-1249"]
[Site "http://www.queenalice.com/game.php?id=457155"]
[Date "2008.9.2"]
[Round "1"]
[White "fraternator"]
[Black "arnelsr"]
[Result "0-1"]
[WhiteElo "1038"]
[BlackElo "1519"]

1. e4 e5 2. Nf3 Nc6 3. Bc4 Nf6 4. O-O Bc5 5. d3 O-O 6. Nc3 d6 7. h3 Be6 8. Ng5
Bxc4 9. dxc4 Nd4 10. Be3 Qd7 11. Nb5 Nxb5 12. Bxc5 Rad8 13. Bb4 Nd4 14. c3 Nc6
15. c5 d5 16. f3 Qe7 17. h4 dxe4 18. Qe2 exf3 19. Nxf3 Rfe8 20. c4 Nxb4 21. Nxe5
Qxc5+ 22. Kh1 Rxe5 23. Qf3 c6 24. Qf4 Rd4 25. Qg3 Qe7 26. Rf2 Ne4 27. Qxe5 Nxf2+
28. Kg1 Qxe5 29. Kxf2 Qf4+ 30. Kg1 Rd2 31. Rf1 Qg3 0-1

[Event "AUTO-OPEN-1249"]
[Site "http://www.queenalice.com/game.php?id=457156"]
[Date "2008.9.2"]
[Round "1"]
[White "arnelsr"]
[Black "flopp"]
[Result "1-0"]
[WhiteElo "1398"]
[BlackElo "1486"]

1. e4 e5 2. Nf3 Nc6 3. Bb5 a6 4. Ba4 Nf6 5. Nc3 b5 6. Bb3 d6 7. O-O Be7 8. d4
Bg4 9. h3 Bh5 10. g4 Bg6 11. Bg5 h6 12. Bxf6 Bxf6 13. Bd5 Qd7 14. dxe5 1-0

[Event "AUTO-OPEN-1249"]
[Site "http://www.queenalice.com/game.php?id=457157"]
[Date "2008.9.2"]
[Round "1"]
[White "flopp"]
[Black "arnelsr"]
[Result "1/2-1/2"]
[WhiteElo "1532"]
[BlackElo "1469"]

1. e4 e5 2. Nf3 Nc6 3. Bb5 a6 4. Ba4 b5 5. Bb3 Nf6 6. O-O Bc5 7. c3 O-O 8. d3 d6
9. Bg5 h6 10. Be3 Bxe3 11. fxe3 Bg4 12. Nbd2 d5 13. exd5 Nxd5 14. Bxd5 Qxd5 15.
d4 e4 16. h3 Bh5 17. g4 Bg6 18. Nh4 Bh7 19. Nb3 b4 20. Nc5 bxc3 21. bxc3 f5 22.
Qe2 fxg4 23. Qxg4 Rae8 24. Nxa6 Re7 25. Rxf8+ Kxf8 26. Rf1+ Kg8 27. Nb4 Qd6 28.
Nf5 Bxf5 29. Qxf5 Re6 30. Qf7+ Kh7 31. Nxc6 Qxc6 32. Qf5+ Rg6+ 33. Kh1 Kh8 34.
d5 Qd6 35. c4 Rf6 36. Qc8+ Kh7 37. Rxf6 Qxf6 38. Qg4 Qf1+ 39. Kh2 Qxc4 40. Qf5+
1/2-1/2

[Event "AUTO-INT-1023"]
[Site "http://www.queenalice.com/game.php?id=457517"]
[Date "2008.9.3"]
[Round "1"]
[White "Jajer"]
[Black "arnelsr"]
[Result "0-1"]
[WhiteElo "1526"]
[BlackElo "1547"]

1. e4 e5 2. c3 Nf6 3. Bd3 Bc5 4. Nf3 Nc6 5. Qe2 O-O 6. O-O Re8 7. a3 d5 8. b4
Bb6 9. b5 Na5 10. Qd1 dxe4 11. Bc2 exf3 12. Qxf3 e4 13. Qf4 Bd7 14. a4 Nc4 15.
d3 exd3 16. Bxd3 Ne5 17. Qg3 Bc5 18. Bh6 Neg4 19. Bxh7+ Kxh7 20. Qh4 gxh6 21.
Nd2 Bd6 22. g3 Rg8 23. f3 Nxh2 24. Qxh2 Rxg3+ 25. Kf2 Rxf3+ 26. Nxf3 Bxh2 27.
Nxh2 Ne4+ 28. Ke3 Qe7 29. Rfe1 Nxc3+ 30. Kd3 Qc5 31. Rac1 Bf5+ 32. Kd2 Qd4# 0-1

[Event "AUTO-INT-1023"]
[Site "http://www.queenalice.com/game.php?id=457518"]
[Date "2008.9.3"]
[Round "1"]
[White "arnelsr"]
[Black "Jajer"]
[Result "1-0"]
[WhiteElo "1601"]
[BlackElo "1556"]

1. e4 Nc6 2. Nf3 d6 3. Bb5 Bd7 4. O-O a6 5. Ba4 b5 6. Bb3 a5 7. Ng5 e6 8. d4 a4
9. Bxe6 Bxe6 10. d5 Bd7 11. dxc6 Bxc6 12. Nc3 h6 13. Nf3 Nf6 14. Re1 Nxe4 15.
Nxe4 Bxe4 16. Rxe4+ Be7 17. Qe2 Ra7 18. Bf4 c6 19. Rd1 d5 20. Re3 O-O 21. Rxe7
Rxe7 22. Qd3 Rfe8 23. Be3 Re4 24. Qc3 Rc4 25. Qd3 Ree4 26. Nd2 Qd7 27. Nxe4 Rxe4
28. Bd4 f6 29. Qg3 Qe6 30. Be3 Kh7 31. h3 g5 32. Rd4 Rxd4 33. Bxd4 Qe1+ 34. Kh2
Kg6 35. Qd6 Kh5 36. Qxf6 Qe4 37. Qf7+ Qg6 38. g4+ Kh4 39. Qxg6 c5 40. Qh5# 1-0

[Event "AUTO-INT-1023"]
[Site "http://www.queenalice.com/game.php?id=457529"]
[Date "2008.9.3"]
[Round "1"]
[White "Aldo2020"]
[Black "arnelsr"]
[Result "0-1"]
[WhiteElo "1515"]
[BlackElo "1472"]

1. e4 e5 2. Qf3 Nf6 3. Nh3 Bc5 4. Qf5 d6 5. Qf3 Bg4 6. Qd3 Nc6 7. Qc4 O-O 8. Qb5
Nxe4 9. f3 Qh4+ 10. g3 Nxg3 11. hxg3 Qxg3+ 12. Ke2 Qxf3+ 13. Ke1 Qd1# 0-1

[Event "AUTO-INT-1023"]
[Site "http://www.queenalice.com/game.php?id=457530"]
[Date "2008.9.3"]
[Round "1"]
[White "arnelsr"]
[Black "Aldo2020"]
[Result "1-0"]
[WhiteElo "1562"]
[BlackElo "1464"]

1. e4 d5 2. exd5 Qxd5 3. Nc3 Qe5+ 4. Be2 e6 5. Nf3 Qf6 6. d4 c6 7. O-O Bd6 8.
Bg5 Qf5 9. Qd2 h6 10. Bh4 g5 11. Bg3 Nf6 12. Bxd6 Na6 13. Ne5 Nb4 14. Bxb4 Nh5
15. Bxh5 a5 16. Bc5 g4 17. Nxf7 Qxh5 18. Nd6+ Kd7 19. Na4 b5 20. Nb6+ Ke7 21.
Ndxc8+ Kd8 22. Nxa8 Kxc8 23. Qxa5 Kb7 24. Qa7+ Kc8 25. Qc7# 1-0

[Event "AUTO-INT-1023"]
[Site "http://www.queenalice.com/game.php?id=457535"]
[Date "2008.9.3"]
[Round "1"]
[White "Claudio_C_A"]
[Black "arnelsr"]
[Result "1-0"]
[WhiteElo "1555"]
[BlackElo "1563"]

1. g3 e5 2. Bg2 Nf6 3. e4 Bc5 4. Ne2 O-O 5. O-O Nc6 6. c3 d5 7. exd5 Nxd5 8. Be4
Bg4 9. Qb3 Bxe2 10. Re1 Bg4 11. Bxd5 Na5 12. Qb5 Bb6 13. Be4 f5 14. Bd5+ Kh8 15.
Bg2 f4 16. Re4 Nc6 17. d3 fxg3 18. hxg3 Bxf2+ 19. Kh2 Bf3 20. Rh4 Qg5 21. Bxg5
Bb6 22. Nd2 1-0

[Event "AUTO-INT-1023"]
[Site "http://www.queenalice.com/game.php?id=457536"]
[Date "2008.9.3"]
[Round "1"]
[White "arnelsr"]
[Black "Claudio_C_A"]
[Result "0-1"]
[WhiteElo "1557"]
[BlackElo "1390"]

1. e4 e5 2. Nf3 Bd6 3. Bc4 Nf6 4. Nc3 O-O 5. d4 Nc6 6. d5 Na5 7. Bb3 Bb4 8. Bd2
h6 9. O-O Nxb3 10. cxb3 a6 11. Re1 Bd6 12. Nh4 Nh7 13. Nf5 Bc5 14. Qg4 g5 15.
Nxh6+ Kg7 16. Nf5+ Kh8 17. Qh5 f6 18. Be3 Bb4 19. Nh6 Qe7 20. Rad1 Qg7 21. Bd2
Be7 22. Ne2 d6 23. Ng3 Bd7 24. Re3 Be8 25. Qh3 Bd8 26. Ngf5 Qf7 27. Nxf7+ Rxf7
28. Qg4 Bd7 29. Rh3 b6 30. Rh6 Be7 31. Qh5 Be8 32. Qg6 Bf8 33. Rh5 Rd8 34. Rxh7+
Rxh7 35. Qxf6+ Kg8 36. Qxd8 Kf7 37. Bxg5 Bb5 38. Rc1 Kg8 39. Nh6+ Rxh6 0-1

[Event "AUTO-OPEN-1250"]
[Site "http://www.queenalice.com/game.php?id=457653"]
[Date "2008.9.3"]
[Round "1"]
[White "cyrilledeLePin"]
[Black "arnelsr"]
[Result "1-0"]
[WhiteElo "1776"]
[BlackElo "1620"]

1. e4 e5 2. c4 Nf6 3. Nc3 Bb4 4. d3 O-O 5. Bd2 Nc6 6. Nge2 d6 7. a3 Ba5 8. b4
Bb6 9. Bg5 h6 10. Bh4 Nd4 11. Nd5 g5 12. Nxb6 cxb6 13. Bg3 Be6 14. Nxd4 exd4 15.
Be2 Qd7 16. O-O Rac8 17. f4 Bg4 18. f5 Bxe2 19. Qxe2 Rfe8 20. Rfe1 d5 21. cxd5
a5 22. Rec1 Rxc1+ 23. Rxc1 Nxd5 24. Qh5 Kg7 25. Rc7 Nxc7 26. f6+ Kh7 27. Bd6 Ne6
28. Be7 Rxe7 29. fxe7 Qxe7 30. Qf3 Ng7 31. Qf2 Ne6 32. Qf5+ Kg7 33. Qe5+ Qf6 34.
Qd6 Nf4 35. Qxf6+ Kxf6 36. Kf2 Nxd3+ 37. Ke2 Nf4+ 38. Kf2 Ke5 39. Kf3 d3 40. g3
Ne2 41. Ke3 1-0

[Event "AUTO-OPEN-1250"]
[Site "http://www.queenalice.com/game.php?id=457654"]
[Date "2008.9.3"]
[Round "1"]
[White "arnelsr"]
[Black "cyrilledeLePin"]
[Result "1-0"]
[WhiteElo "1543"]
[BlackElo "1648"]

1. e4 e6 2. Nf3 d5 3. e5 c5 4. d4 Nc6 5. Bb5 Bd7 6. c3 Qb6 7. Bxc6 Bxc6 8. O-O
Ne7 9. Nbd2 Nf5 10. Nb3 Ba4 11. Qe2 Bxb3 12. axb3 Qxb3 13. Be3 cxd4 14. cxd4
Nxe3 15. fxe3 Be7 16. Rab1 O-O 17. Rbc1 Rfc8 18. Qd2 Bb4 19. Qf2 Rc4 20. Nd2
Bxd2 21. Qxf7+ Kh8 22. Qf8+ 1-0

[Event "AUTO-OPEN-1250"]
[Site "http://www.queenalice.com/game.php?id=457675"]
[Date "2008.9.3"]
[Round "1"]
[White "XaraX"]
[Black "arnelsr"]
[Result "0-1"]
[WhiteElo "1833"]
[BlackElo "1443"]

1. d4 d5 2. c4 e6 3. Nc3 Nf6 4. Bg5 c6 5. e3 Be7 6. Nf3 O-O 7. Be2 Nbd7 8. O-O
h6 9. Bh4 Ne8 10. Bg3 Bb4 11. a3 Bxc3 12. bxc3 c5 13. cxd5 exd5 14. a4 cxd4 15.
cxd4 Nef6 16. Bb5 Nb6 17. h3 Be6 18. a5 Nc4 19. Qa4 Ne4 20. Bxc4 dxc4 21. Ne5 c3
22. Rfc1 Rc8 23. f3 Nxg3 24. Ra3 Ne2+ 0-1

[Event "AUTO-OPEN-1250"]
[Site "http://www.queenalice.com/game.php?id=457676"]
[Date "2008.9.3"]
[Round "1"]
[White "arnelsr"]
[Black "XaraX"]
[Result "0-1"]
[WhiteElo "1473"]
[BlackElo "1771"]

1. e4 e5 2. Nf3 Nc6 3. Bb5 Nge7 4. O-O g6 5. Nc3 Bg7 6. d4 exd4 7. Nxd4 Nxd4 8.
Bc4 O-O 9. Be3 Ndc6 10. Qe2 Bxc3 11. bxc3 Ne5 12. Bb3 d6 13. f4 N5c6 14. f5 Ne5
15. Rad1 b6 16. f6 N7c6 17. Bd5 Bg4 18. Qf2 Rb8 19. Bf4 Bxd1 20. Rxd1 Qxf6 21.
Qg3 a5 22. Bg5 Qg7 23. Rf1 h6 24. Bf6 Qh7 25. Rf4 Rbe8 26. Rh4 Ne7 27. Qh3 h5
28. Qg3 Nxd5 29. exd5 Ng4 30. Bd4 g5 31. Rh3 Re4 32. Bf2 Rfe8 0-1

[Event "AUTO-OPEN-1250"]
[Site "http://www.queenalice.com/game.php?id=457687"]
[Date "2008.9.3"]
[Round "1"]
[White "franzjonas"]
[Black "arnelsr"]
[Result "0-1"]
[WhiteElo "1059"]
[BlackElo "1610"]

1. e4 e5 2. Nf3 Nc6 3. c3 Nf6 4. Qe2 d6 5. d4 Bg4 6. d5 Ne7 7. Bg5 Qd7 8. Bxf6
gxf6 9. Nbd2 O-O-O 10. h3 Bh5 11. Qe3 f5 12. Qxa7 c6 13. Qa8+ Kc7 14. dxc6 Nxc6
15. Qa3 Bh6 16. Rd1 f4 17. Bb5 Ra8 18. Qb4 Nxb4 19. Bxd7 Kxd7 20. cxb4 Rxa2 21.
Nc4 Bf8 22. Ncxe5+ Ke6 0-1

[Event "AUTO-OPEN-1250"]
[Site "http://www.queenalice.com/game.php?id=457688"]
[Date "2008.9.3"]
[Round "1"]
[White "arnelsr"]
[Black "franzjonas"]
[Result "1-0"]
[WhiteElo "1612"]
[BlackElo "1057"]

1. e4 e5 2. Nf3 Nc6 3. Bb5 Nf6 4. Nc3 d6 5. O-O Bd7 6. d3 Be7 7. Re1 h6 8. Be3
O-O 9. d4 exd4 10. Nxd4 Nxd4 11. Bxd4 Bxb5 12. Nxb5 a6 13. Nc3 b5 14. Qf3 c5 15.
Be3 c4 16. Rad1 Ra7 17. Bxa7 Qd7 18. Be3 Ng4 19. h3 Nxe3 20. Qxe3 b4 21. Nd5 Re8
22. e5 1-0